Plant responses to water deficits, water-use efficiency and drought registance (Registro nro. 10887)

Detalles MARC
000 -CABECERA
Campo de control 004990000a22001570004500
090 ## - CLASIFICACIÓN LOCAL
Colección AR
Consecutivo 01810
041 0# - IDIOMA
Código de idioma para texto/pista de sonido o título separado
100 1# - ASIENTO PRINCIPAL--NOMBRE PERSONAL
Nombre personal Hslao, Theodore C.
245 10 - MENCION DE TITULO
Título Plant responses to water deficits, water-use efficiency and drought registance
650 14 - ASIENTO SECUNDARIO DE MATERIA - TERMINO TEMATICO
Término temático o nombre geográfico como elemento de entrada Fisiología vegetal
650 14 - ASIENTO SECUNDARIO DE MATERIA - TERMINO TEMATICO
Término temático o nombre geográfico como elemento de entrada Bioquímica vegetal
650 14 - ASIENTO SECUNDARIO DE MATERIA - TERMINO TEMATICO
Término temático o nombre geográfico como elemento de entrada Metabolismo vegetal
700 1# - ASIENTO SECUNDARIO - NOMBRE PERSONAL
Nombre personal Acevedo, Edmundo
773 1# - Item fuente:
Título Agricultural Meteorology
Especificación de materiales 612
Descripción física 14
Paginas del Articulo 58-81
Lugar, editorial y fecha de publicación 1974
942 ## - ELEMENTOS ADICIONALES (KOHA)
Tipo de ítem Artículo
Existencias
Withdrawn status Lost status Damaged status No para préstamo Colección Ubicación Permanente Ubicación actual Fecha de adquisición Fuente de Valor Datos de publicación Seriada Total Checkouts Número topográfico Inventario / Código de Barras Date last seen Ejemplar Price effective from Forma de adquisición Tipo de material
      No para Préstamo Hemeroteca Bogotá Bogotá 27/02/2015 Muñoz Saba, Yaneth Fuera de circulación   AR 01810 012172 25/03/2015 1 25/03/2015   Artículo